[Event "Europa ch 2014"]
[Site "Yerevan ARM"]
[Date "2014.03.06"]
[Round "4.28"]
[White "Stukopin, Andrey"]
[Black "Akopian, Vladimir"]
[Result "0-1"]
[WhiteElo "2544"]
[BlackElo "2682"]
[PlyCount "62"]
[EventDate "2014.03.03"]
[EventType "swiss"]
[EventRounds "11"]
[EventCountry "ARM"]
[Source "lmi"]
[SourceDate "2014.03.02"]

1. e4 c5 2. Nf3 e6 3. d4 cxd4 4. Nxd4 a6 5. Bd3 Nf6 6. O-O Qc7 7. Qe2 Bc5 8.
Nb3 Be7 9. c4 d6 10. Nc3 b6 11. Bd2 Nbd7 12. f4 Bb7 13. Rae1 Rd8 14. Rf3 O-O
15. Rh3 g6 16. Kh1 h5 17. Nd4 Ng4 18. Rf1 Nc5 19. Bb1 Bf6 20. Nf3 Qc6 21. b4
Bxc3 22. Bxc3 Nxe4 23. Ba1 b5 24. Qb2 e5 25. Bxe4 Qxe4 26. cxb5 Qxf4 27. bxa6
Bxa6 28. Re1 Rc8 29. Rh4 Bd3 30. Qb3 Rc1 31. Bc3 Rc8 0-1

[Event "Europa ch 2014"]
[Site "Yerevan ARM"]
[Date "2014.03.06"]
[Round "4.30"]
[White "Gabuzyan, Hovhannes"]
[Black "Bartel, Mateusz"]
[Result "1/2-1/2"]
[WhiteElo "2537"]
[BlackElo "2662"]
[PlyCount "82"]
[EventDate "2014.03.03"]
[EventType "swiss"]
[EventRounds "11"]
[EventCountry "ARM"]
[Source "lmi"]
[SourceDate "2014.03.02"]

1. Nf3 d5 2. g3 g6 3. Bg2 Bg7 4. d4 c6 5. c4 Nf6 6. Qb3 dxc4 7. Qxc4 Be6 8. Qa4
Nbd7 9. Nc3 Nb6 10. Qc2 Qc8 11. O-O Bh3 12. e4 Bxg2 13. Kxg2 O-O 14. a4 Nbd7
15. Re1 Re8 16. e5 Nd5 17. Qe4 f5 18. Qh4 Nf8 19. Nxd5 cxd5 20. Bh6 Ne6 21.
Rac1 Qd7 22. b3 Rac8 23. Ng5 Nxg5 24. Qxg5 Bxh6 25. Qxh6 Rxc1 26. Rxc1 Rc8 27.
e6 Qd8 28. h4 Rxc1 29. Qxc1 Qd6 30. Qc8+ Kg7 31. Qxb7 Qxe6 32. Qxa7 Qe4+ 33.
Kf1 Qb1+ 34. Ke2 Qc2+ 35. Ke3 f4+ 36. gxf4 Qxb3+ 37. Ke2 Qc2+ 38. Kf3 Qd1+ 39.
Kg3 Qg1+ 40. Kf3 Qd1+ 41. Kg3 Qg1+ 1/2-1/2

[Event "Europa ch 2014"]
[Site "Yerevan ARM"]
[Date "2014.03.06"]
[Round "4.31"]
[White "Saric, Ivan"]
[Black "Can, Emre"]
[Result "1-0"]
[WhiteElo "2661"]
[BlackElo "2524"]
[PlyCount "93"]
[EventDate "2014.03.03"]
[EventType "swiss"]
[EventRounds "11"]
[EventCountry "ARM"]
[Source "lmi"]
[SourceDate "2014.03.02"]

1. e4 c5 2. Nf3 d6 3. d4 cxd4 4. Nxd4 Nf6 5. Nc3 a6 6. Be3 e5 7. Nb3 Be7 8. f3
Be6 9. Qd2 O-O 10. O-O-O a5 11. Kb1 a4 12. Nc1 Ra5 13. Qf2 Nbd7 14. a3 d5 15.
exd5 Nxd5 16. Nxd5 Rxd5 17. Rxd5 Bxd5 18. Bd3 Qa5 19. Rd1 Be6 20. Qd2 Qxd2 21.
Rxd2 Bc5 22. Bxc5 Nxc5 23. Bb5 Ra8 24. Nd3 Nxd3 25. Rxd3 f6 26. Rd6 Kf7 27. Rb6
Ra7 28. Kc1 Ke7 29. Kd2 Bd7 30. Bd3 f5 31. h4 g6 32. Bb5 Bxb5 33. Rxb5 Kd6 34.
Ke3 Ke6 35. Kd3 Kd6 36. c4 Ke6 37. Rb6+ Kd7 38. g3 Kc7 39. Re6 Ra6 40. Re7+ Kc8
41. Rxe5 Rb6 42. Rc5+ Kb8 43. Rb5 Rd6+ 44. Ke3 Rd1 45. Rb4 Rg1 46. c5 Rxg3 47.
Kf2 1-0

[Event "Europa ch 2014"]
[Site "Yerevan ARM"]
[Date "2014.03.06"]
[Round "4.32"]
[White "Kotanjian, Tigran"]
[Black "Khairullin, Ildar"]
[Result "1-0"]
[WhiteElo "2531"]
[BlackElo "2657"]
[PlyCount "123"]
[EventDate "2014.03.03"]
[EventType "swiss"]
[EventRounds "11"]
[EventCountry "ARM"]
[Source "lmi"]
[SourceDate "2014.03.02"]

1. d4 Nf6 2. c4 g6 3. Nc3 d5 4. cxd5 Nxd5 5. e4 Nxc3 6. bxc3 Bg7 7. Bc4 c5 8.
Ne2 Nc6 9. Be3 O-O 10. O-O b6 11. dxc5 Qc7 12. Nf4 e6 13. Nd3 Na5 14. Bb5 Bb7
15. f3 Rfd8 16. Bf4 e5 17. Bg5 f6 18. Be3 bxc5 19. Qe2 Bf8 20. Rfd1 Rab8 21.
Nb2 Bc8 22. Bc4+ Nxc4 23. Qxc4+ Kh8 24. Rxd8 Qxd8 25. Na4 Rb7 26. Bxc5 Rc7 27.
Qb5 Bxc5+ 28. Nxc5 Qd6 29. Na4 Bd7 30. Qa5 Bxa4 31. Qxa4 Qc5+ 32. Kh1 Qxc3 33.
Rd1 Qc2 34. Qe8+ Kg7 35. Qd8 Rb7 36. h4 Qf2 37. h5 Rb2 38. Qd7+ Kh6 39. Qh3
gxh5 40. g4 Kg5 41. f4+ Kxf4 42. Rf1 hxg4 43. Rxf2+ Rxf2 44. Qh4 Rxa2 45. Qxf6+
Kxe4 46. Qc6+ Kd4 47. Qd6+ Kc3 48. Qxe5+ Kb3 49. Qe6+ Kb2 50. Qxg4 a5 51. Kg1
Ka3 52. Qf3+ Kb2 53. Qe2+ Kb3 54. Qd3+ Kb2 55. Kf1 Ra4 56. Qb5+ Rb4 57. Qxa5
Kb3 58. Ke2 h5 59. Kd3 h4 60. Qd5+ Ka4 61. Kc3 Rb6 62. Qc5 1-0

[Event "Europa ch 2014"]
[Site "Yerevan ARM"]
[Date "2014.03.06"]
[Round "4.33"]
[White "Oparin, Grigoriy"]
[Black "Lysyj, Igor"]
[Result "1/2-1/2"]
[WhiteElo "2526"]
[BlackElo "2655"]
[PlyCount "84"]
[EventDate "2014.03.03"]
[EventType "swiss"]
[EventRounds "11"]
[EventCountry "ARM"]
[Source "lmi"]
[SourceDate "2014.03.02"]

1. Nf3 Nf6 2. b3 e6 3. Bb2 b6 4. g3 Bb7 5. Bg2 Be7 6. O-O O-O 7. c4 d5 8. e3
Nbd7 9. Qe2 c5 10. Nc3 Qc7 11. Rac1 Rad8 12. Rfd1 Qb8 13. d3 Qa8 14. cxd5 Nxd5
15. Ne4 Nb4 16. Nc3 Nf6 17. e4 Nc6 18. Qe3 Nd7 19. Ne2 Bf6 20. d4 cxd4 21.
Nfxd4 Nc5 22. Ba3 Nxd4 23. Nxd4 Rxd4 24. Rxd4 Bxd4 25. Qxd4 Rd8 26. Qe3 Nxe4
27. Be7 Re8 28. Rc7 Bd5 29. Qf4 Nc3 30. Bf1 Rc8 31. Rd7 Bc6 32. Bf6 Bxd7 33.
Qg5 Ne2+ 34. Bxe2 Rc1+ 35. Bf1 Rxf1+ 36. Kxf1 Qh1+ 37. Ke2 Qe4+ 38. Kd2 Qg6 39.
Qxg6 hxg6 40. Bd4 g5 41. a4 f6 42. a5 bxa5 1/2-1/2

[Event "Europa ch 2014"]
[Site "Yerevan ARM"]
[Date "2014.03.06"]
[Round "4.34"]
[White "Zvjaginsev, Vadim"]
[Black "Quparadze, Giga"]
[Result "1-0"]
[WhiteElo "2653"]
[BlackElo "2507"]
[PlyCount "83"]
[EventDate "2014.03.03"]
[EventType "swiss"]
[EventRounds "11"]
[EventCountry "ARM"]
[Source "lmi"]
[SourceDate "2014.03.02"]

1. e4 c5 2. Nf3 e6 3. g3 d5 4. exd5 exd5 5. Bg2 Bd6 6. O-O Ne7 7. d4 O-O 8. c4
dxc4 9. Na3 cxd4 10. Nxc4 Nbc6 11. Nxd4 Bc5 12. Nxc6 Nxc6 13. Qh5 Qd4 14. Be3
Qxc4 15. Rfc1 Qg4 16. Qxc5 Be6 17. h3 Qf5 18. Qxf5 Bxf5 19. Rc5 Bd3 20. Rd1
Rfd8 21. Kh2 h6 22. g4 Bg6 23. Rdc1 Rd7 24. a3 a6 25. b4 Re8 26. Bxc6 bxc6 27.
Rxc6 Bd3 28. a4 Re4 29. Rb6 a5 30. Rb8+ Kh7 31. b5 Rxa4 32. b6 Rc4 33. Rxc4
Bxc4 34. b7 Kg6 35. Rc8 Rxb7 36. Rxc4 Rb5 37. Rc5 Rxc5 38. Bxc5 h5 39. Kg3 hxg4
40. hxg4 f5 41. Kf4 fxg4 42. Kxg4 1-0

[Event "Europa ch 2014"]
[Site "Yerevan ARM"]
[Date "2014.03.06"]
[Round "4.35"]
[White "Lie, Kjetil A"]
[Black "Sutovsky, Emil"]
[Result "1/2-1/2"]
[WhiteElo "2509"]
[BlackElo "2652"]
[PlyCount "115"]
[EventDate "2014.03.03"]
[EventType "swiss"]
[EventRounds "11"]
[EventCountry "ARM"]
[Source "lmi"]
[SourceDate "2014.03.02"]

1. e4 c5 2. Nf3 Nc6 3. Bb5 g6 4. Bxc6 bxc6 5. O-O Bg7 6. Re1 Nf6 7. e5 Nd5 8.
c4 Nc7 9. d4 cxd4 10. Qxd4 O-O 11. Qh4 f6 12. exf6 exf6 13. Bd2 Ne6 14. Bc3 g5
15. Qe4 d5 16. cxd5 cxd5 17. Qe3 Re8 18. Nd4 Bd7 19. Nxe6 Rxe6 20. Qd4 Rxe1+
21. Bxe1 Bc6 22. Bc3 Qd7 23. Nd2 Re8 24. Rd1 Re7 25. Nb3 Qe8 26. Qd3 Qg6 27.
Qxg6 hxg6 28. f3 Kf7 29. Kf2 Re8 30. Nd4 Ba4 31. b3 Bd7 32. Ne2 Bb5 33. Nd4 Ba6
34. Nc6 Rc8 35. Nb4 Rxc3 36. Nxa6 Rc2+ 37. Kf1 Rxa2 38. Nc5 f5 39. Rxd5 Bc3 40.
g4 Kf6 41. Rd6+ Kf7 42. Rd7+ Ke8 43. Rd5 fxg4 44. fxg4 Rxh2 45. Rxg5 Kf7 46.
Rd5 a5 47. g5 Rb2 48. Rd7+ Ke8 49. Rd5 Ke7 50. Na4 Rb1+ 51. Ke2 Re1+ 52. Kf3
Bb4 53. Nc5 Rf1+ 54. Ke4 Rf5 55. Nd3 Rxd5 56. Kxd5 Bd2 57. Ne5 Bxg5 58. Nxg6+
1/2-1/2

[Event "Europa ch 2014"]
[Site "Yerevan ARM"]
[Date "2014.03.06"]
[Round "4.36"]
[White "Balogh, Csaba"]
[Black "Rozum, Ivan"]
[Result "1/2-1/2"]
[WhiteElo "2651"]
[BlackElo "2505"]
[PlyCount "80"]
[EventDate "2014.03.03"]
[EventType "swiss"]
[EventRounds "11"]
[EventCountry "ARM"]
[Source "lmi"]
[SourceDate "2014.03.02"]

1. e4 e6 2. d4 d5 3. Nd2 c5 4. Ngf3 cxd4 5. Nxd4 Nf6 6. exd5 a6 7. Bc4 Nxd5 8.
N2f3 Be7 9. O-O Bf6 10. Bb3 O-O 11. Qe2 Ne7 12. Rd1 Qc7 13. Ng5 e5 14. Ndf3 Bf5
15. Ne4 Bxe4 16. Qxe4 Nd7 17. Be3 Rad8 18. Rd2 g6 19. Bh6 Bg7 20. Bxg7 Kxg7 21.
Rad1 Nc6 22. Qe3 Nf6 23. h3 Rxd2 24. Rxd2 h6 25. Bd5 Nxd5 26. Rxd5 Rd8 27. Rxd8
Qxd8 28. Nxe5 Qd1+ 29. Kh2 Qxc2 30. Ng4 g5 31. b3 f5 32. Ne5 f4 33. Qe1 Qxa2
34. Nxc6 bxc6 35. Qe7+ Kg6 36. Qe6+ Kg7 37. Qe7+ Kg6 38. Qe6+ Kg7 39. Qe7+ Kg6
40. Qe6+ Kg7 1/2-1/2

[Event "Europa ch 2014"]
[Site "Yerevan ARM"]
[Date "2014.03.06"]
[Round "4.37"]
[White "Zoler, Dan"]
[Black "Hammer, Jon Ludvig"]
[Result "1/2-1/2"]
[WhiteElo "2504"]
[BlackElo "2647"]
[PlyCount "80"]
[EventDate "2014.03.03"]
[EventType "swiss"]
[EventRounds "11"]
[EventCountry "ARM"]
[Source "lmi"]
[SourceDate "2014.03.02"]

1. d4 Nf6 2. Nf3 d5 3. c4 e6 4. Nc3 Bb4 5. Qa4+ Nc6 6. Bg5 h6 7. Bxf6 Qxf6 8.
e3 O-O 9. Be2 Bd7 10. Qc2 dxc4 11. O-O Na5 12. Ne5 Qe7 13. Ne4 Bd6 14. Nxd7
Qxd7 15. Bxc4 Nxc4 16. Qxc4 Be7 17. Rac1 c6 18. Qb3 Rfd8 19. Nc5 Bxc5 20. Rxc5
Qe7 21. Qc3 Rd5 22. Rxd5 exd5 23. b4 a6 24. Qc5 Qd7 25. a4 Re8 26. Rc1 h5 27.
Qc2 h4 28. h3 Re6 29. Qf5 Qe7 30. Rb1 g6 31. Qf3 Qg5 32. Qd1 Qf5 33. Rc1 Kg7
34. Qc2 Qxc2 35. Rxc2 f5 36. b5 axb5 37. axb5 g5 38. bxc6 bxc6 39. Kf1 Kg6 40.
Ra2 f4 1/2-1/2

[Event "Europa ch 2014"]
[Site "Yerevan ARM"]
[Date "2014.03.06"]
[Round "4.38"]
[White "Ragger, Markus"]
[Black "Babujian, Levon"]
[Result "1-0"]
[WhiteElo "2644"]
[BlackElo "2491"]
[PlyCount "81"]
[EventDate "2014.03.03"]
[EventType "swiss"]
[EventRounds "11"]
[EventCountry "ARM"]
[Source "lmi"]
[SourceDate "2014.03.02"]

1. Nf3 c5 2. c4 Nc6 3. d4 cxd4 4. Nxd4 Nf6 5. Nc3 e6 6. g3 Qb6 7. Ndb5 Bc5 8.
Bg2 Bxf2+ 9. Kf1 Ng4 10. Qd6 Kd8 11. Na4 Qa5 12. Bg5+ f6 13. Bd2 Qxa4 14. b3
Qa6 15. Nc7 Qb6 16. Nxe6+ Ke8 17. Nc7+ Kd8 18. Ne6+ Ke8 19. c5 Bxc5 20. Nxc5
Ne7 21. Qxb6 axb6 22. Na4 Ra6 23. Nc3 Kf7 24. h3 Ne5 25. Kf2 Rd8 26. e4 d6 27.
Rhd1 Be6 28. Nb5 Nc8 29. Bf1 d5 30. exd5 Bxd5 31. Bc3 Ne7 32. Nc7 Ra7 33. Rd2
b5 34. Rad1 Nf3 35. Rxd5 Nxd5 36. Kxf3 Nxc3 37. Rxd8 Rxa2 38. Rd7+ Kg6 39. Nxb5
Nxb5 40. Bxb5 b6 41. Rd6 1-0

[Event "Europa ch 2014"]
[Site "Yerevan ARM"]
[Date "2014.03.06"]
[Round "4.39"]
[White "Oleksienko, Mikhailo"]
[Black "Minasian, Artashes"]
[Result "1/2-1/2"]
[WhiteElo "2640"]
[BlackElo "2482"]
[PlyCount "127"]
[EventDate "2014.03.03"]
[EventType "swiss"]
[EventRounds "11"]
[EventCountry "ARM"]
[Source "lmi"]
[SourceDate "2014.03.02"]

1. e4 c6 2. d4 d5 3. e5 Bf5 4. Nd2 e6 5. Nb3 Nd7 6. Nf3 a6 7. Be3 Rc8 8. Bd3
Ne7 9. O-O Bxd3 10. cxd3 Nf5 11. Rc1 Be7 12. Bd2 h5 13. Na5 Rc7 14. b4 g5 15.
Nb3 g4 16. Ne1 Bg5 17. Nc2 Nh4 18. Ne3 f5 19. exf6 Qxf6 20. f3 gxf3 21. g3 Qg6
22. Kh1 Bxe3 23. Bxe3 O-O 24. Rf2 Ng2 25. Rxf3 Nxe3 26. Rxe3 Rf5 27. Qe2 Nf8
28. Rf1 Rxf1+ 29. Qxf1 Rf7 30. Qe2 b6 31. a4 Qg4 32. Qxg4+ hxg4 33. Kg2 Kg7 34.
Re2 Rb7 35. Rc2 a5 36. bxa5 bxa5 37. Nxa5 Ra7 38. Nxc6 Rxa4 39. Kf2 Ng6 40. Ke3
Ra1 41. Ne5 Nxe5 42. dxe5 Kg6 43. Rf2 Kg5 44. Rf6 Ra6 45. d4 Ra3+ 46. Kd2 Ra4
47. Kc3 Rc4+ 48. Kd3 Rc6 49. Rf2 Ra6 50. Rf6 Rc6 51. Rf8 Ra6 52. Rh8 Ra3+ 53.
Kc2 Ra4 54. Kc3 Rc4+ 55. Kd3 Rc6 56. Rh7 Ra6 57. Kc3 Ra4 58. h4+ gxh3 59. Rxh3
Rc4+ 60. Kd3 Ra4 61. Rh8 Ra3+ 62. Kd2 Rxg3 63. Rf8 Ra3 64. Rf6 1/2-1/2

[Event "Europa ch 2014"]
[Site "Yerevan ARM"]
[Date "2014.03.06"]
[Round "4.40"]
[White "Raznikov, Danny"]
[Black "Ivanisevic, Ivan"]
[Result "1/2-1/2"]
[WhiteElo "2490"]
[BlackElo "2633"]
[PlyCount "92"]
[EventDate "2014.03.03"]
[EventType "swiss"]
[EventRounds "11"]
[EventCountry "ARM"]
[Source "lmi"]
[SourceDate "2014.03.02"]

1. d4 Nf6 2. c4 c5 3. d5 b5 4. cxb5 a6 5. bxa6 g6 6. Nc3 Bg7 7. e4 O-O 8. e5
Ne8 9. Nf3 d6 10. Bf4 Nd7 11. exd6 exd6 12. Be2 Bxa6 13. O-O Nb6 14. Re1 h6 15.
Bxa6 Rxa6 16. Qd3 Nc7 17. h4 Na4 18. Qd2 Kh7 19. Rac1 Qd7 20. Nxa4 Rxa4 21. b3
Ra6 22. Rc2 Rfa8 23. Rd1 Qf5 24. Ne1 Nb5 25. Be3 Ra3 26. Rdc1 Nc7 27. Rd1 Na6
28. Nd3 Nc7 29. Ne1 R3a6 30. b4 c4 31. Rxc4 Rxa2 32. Qd3 Qxd3 33. Rxd3 Nb5 34.
Nf3 Rb2 35. g3 Ra1+ 36. Kg2 Rab1 37. Bd2 Rb3 38. Rxb3 Rxb3 39. Ne1 Bc3 40. Bxc3
Nxc3 41. Nd3 Kg7 42. Nc1 Ra3 43. Rc6 Nxd5 44. b5 Ra5 45. b6 Rb5 46. Rxd6 Nxb6
1/2-1/2

[Event "Europa ch 2014"]
[Site "Yerevan ARM"]
[Date "2014.03.06"]
[Round "4.41"]
[White "Jurcik, Marian"]
[Black "Potkin, Vladimir"]
[Result "1/2-1/2"]
[WhiteElo "2481"]
[BlackElo "2625"]
[PlyCount "44"]
[EventDate "2014.03.03"]
[EventType "swiss"]
[EventRounds "11"]
[EventCountry "ARM"]
[Source "lmi"]
[SourceDate "2014.03.02"]

1. c4 c6 2. d4 d5 3. cxd5 cxd5 4. Bf4 Nc6 5. e3 Nf6 6. Nc3 Bg4 7. Qb3 Na5 8.
Qa4+ Bd7 9. Qc2 e6 10. Bd3 Rc8 11. Nf3 b5 12. a3 Be7 13. O-O O-O 14. Ne5 Nc4
15. Qe2 h6 16. a4 b4 17. Nb1 Nxe5 18. Bxe5 Ne4 19. Ba6 Rc6 20. Bb5 Rc8 21. Ba6
Rc6 22. Bb5 Rc8 1/2-1/2

[Event "Europa ch 2014"]
[Site "Yerevan ARM"]
[Date "2014.03.06"]
[Round "4.42"]
[White "Perunovic, Milos"]
[Black "Firat, Burak"]
[Result "1-0"]
[WhiteElo "2617"]
[BlackElo "2480"]
[PlyCount "83"]
[EventDate "2014.03.03"]
[EventType "swiss"]
[EventRounds "11"]
[EventCountry "ARM"]
[Source "lmi"]
[SourceDate "2014.03.02"]

1. e4 c5 2. Nf3 e6 3. d4 cxd4 4. Nxd4 Nc6 5. Nc3 Qc7 6. Be3 a6 7. Qd2 Nf6 8. f4
Bb4 9. Bd3 Ne7 10. Nde2 d6 11. a3 Bc5 12. O-O-O O-O 13. Ng3 b5 14. e5 Nfd5 15.
Nxd5 Nxd5 16. Bxc5 dxc5 17. Be4 Bb7 18. Nh5 Rad8 19. Bxd5 Bxd5 20. Qe3 f5 21.
exf6 g6 22. f5 exf5 23. Nf4 Bf7 24. Nd3 Qc6 25. Ne5 Rxd1+ 26. Rxd1 Re8 27. Nxc6
Rxe3 28. Ne7+ Kf8 29. Rd8+ Be8 30. Nc8 Kf7 31. Nd6+ Kxf6 32. Rxe8 Re5 33. Rxe5
Kxe5 34. Ne8 a5 35. Kd2 g5 36. c3 f4 37. Nc7 h5 38. Nxb5 g4 39. b4 cxb4 40.
cxb4 axb4 41. axb4 h4 42. Ke2 1-0

[Event "Europa ch 2014"]
[Site "Yerevan ARM"]
[Date "2014.03.06"]
[Round "4.44"]
[White "Petenyi, Tamas"]
[Black "Salgado Lopez, Ivan"]
[Result "0-1"]
[WhiteElo "2468"]
[BlackElo "2605"]
[PlyCount "94"]
[EventDate "2014.03.03"]
[EventType "swiss"]
[EventRounds "11"]
[EventCountry "ARM"]
[Source "lmi"]
[SourceDate "2014.03.02"]

1. e4 c5 2. Nf3 Nc6 3. Bb5 e6 4. O-O Nge7 5. c3 a6 6. Ba4 b5 7. Bc2 Bb7 8. Re1
d5 9. e5 d4 10. Be4 d3 11. c4 Qd7 12. b3 Nb4 13. Na3 Ng6 14. g3 Be7 15. Bb2 O-O
16. Bxb7 Qxb7 17. Re3 h6 18. h4 f5 19. exf6 Bxf6 20. Bxf6 Rxf6 21. Nh2 Nf8 22.
Qg4 Qb6 23. Rf1 Rd8 24. Rf3 Rxf3 25. Nxf3 Nxa2 26. Nb1 Qb7 27. Re1 b4 28. Qf4
Qe7 29. Qe4 Qd6 30. Kg2 Nd7 31. Qxe6+ Qxe6 32. Rxe6 Nf6 33. Rc6 Nc1 34. Rxc5
Nxb3 35. Rc7 a5 36. Ra7 Ne4 37. Ne5 Nexd2 38. Nxd2 Nxd2 39. Nc6 Rf8 40. Nxa5
Ne4 41. Rd7 Rxf2+ 42. Kh3 Rf7 43. Rd8+ Rf8 44. Rd4 d2 45. Kg2 Rf2+ 46. Kg1 Re2
47. Rd8+ Kh7 0-1

[Event "Europa ch 2014"]
[Site "Yerevan ARM"]
[Date "2014.03.06"]
[Round "4.45"]
[White "Chibukhchian, Artur"]
[Black "Fridman, Daniel"]
[Result "0-1"]
[WhiteElo "2446"]
[BlackElo "2604"]
[PlyCount "100"]
[EventDate "2014.03.03"]
[EventType "swiss"]
[EventRounds "11"]
[EventCountry "ARM"]
[Source "lmi"]
[SourceDate "2014.03.02"]

1. d4 d5 2. c4 e6 3. Nc3 c6 4. Nf3 dxc4 5. a4 Bb4 6. e3 b5 7. Bd2 a5 8. axb5
Bxc3 9. Bxc3 cxb5 10. b3 Bb7 11. bxc4 b4 12. Bb2 Nf6 13. Bd3 Nbd7 14. O-O O-O
15. Re1 Be4 16. Bc2 Qc7 17. Nd2 Bxc2 18. Qxc2 Qc6 19. e4 e5 20. dxe5 Ng4 21.
Nf3 Rfe8 22. Nd4 Qh6 23. h3 Ngxe5 24. Nf5 Qc6 25. f4 Qxc4 26. Qd1 Nd3 27. Bxg7
Ra6 28. Re3 N7c5 29. Rg3 Rg6 30. Rxg6 hxg6 31. Nd6 Qe6 32. Nxe8 Qxe8 33. Bd4
Qb5 34. f5 Qc4 35. Be3 Nb3 36. Rb1 Qxe4 37. Bb6 a4 38. fxg6 Qxg6 39. Be3 Qe4
40. Bb6 Nd4 41. Qxa4 Ne2+ 42. Kf1 Nc3 43. Qc2 Nxb1 44. Qxb1 b3 45. Ba5 Qe3 46.
Bb6 Qxb6 47. Qxd3 b2 48. Qg3+ Kf8 49. Qa3+ Kg7 50. Qg3+ Qg6 0-1

[Event "Europa ch 2014"]
[Site "Yerevan ARM"]
[Date "2014.03.06"]
[Round "4.47"]
[White "Grishchenko, Sergey1"]
[Black "Grigoryan, Avetik"]
[Result "1/2-1/2"]
[WhiteElo "2431"]
[BlackElo "2583"]
[PlyCount "81"]
[EventDate "2014.03.03"]
[EventType "swiss"]
[EventRounds "11"]
[EventCountry "ARM"]
[Source "lmi"]
[SourceDate "2014.03.02"]

1. d4 e6 2. c4 f5 3. g3 Nf6 4. Bg2 d5 5. Nh3 c6 6. b3 Bd6 7. O-O O-O 8. Nd2
Nbd7 9. Bb2 b6 10. cxd5 cxd5 11. Nc4 Bb4 12. a3 Be7 13. Nf4 Nb8 14. Ne5 Bd6 15.
a4 Re8 16. Nfd3 a5 17. f3 Bb7 18. Qc1 Na6 19. Ba3 Rc8 20. Qd2 Bxa3 21. Rxa3 Nd7
22. Nxd7 Qxd7 23. Raa1 Qd6 24. Rfc1 h6 25. Rxc8 Rxc8 26. Rc1 Rxc1+ 27. Qxc1 Nb8
28. Ne5 Nc6 29. Nxc6 Bxc6 30. Qc3 Kf7 31. e3 Ke7 32. Bf1 Kd7 33. Kf2 Qa3 34.
Bb5 Bxb5 35. axb5 Qa2+ 36. Kg1 Qe2 37. Qc6+ Ke7 38. Qxb6 Qxe3+ 39. Kg2 Qe2+ 40.
Kg1 Qe1+ 41. Kg2 1/2-1/2

[Event "Europa ch 2014"]
[Site "Yerevan ARM"]
[Date "2014.03.06"]
[Round "4.48"]
[White "Harutyunian, Tigran K"]
[Black "Shomoev, Anton"]
[Result "0-1"]
[WhiteElo "2422"]
[BlackElo "2581"]
[PlyCount "68"]
[EventDate "2014.03.03"]
[EventType "swiss"]
[EventRounds "11"]
[EventCountry "ARM"]
[Source "lmi"]
[SourceDate "2014.03.02"]

1. Nf3 g6 2. d4 Bg7 3. e4 d6 4. Be2 Nf6 5. Nc3 O-O 6. O-O c6 7. a4 Qc7 8. Re1
Nbd7 9. h3 b6 10. Be3 Bb7 11. a5 Rad8 12. Qd2 e5 13. dxe5 dxe5 14. Qc1 Nh5 15.
g3 Rfe8 16. Rd1 Nf8 17. Na4 c5 18. Nc3 Nf6 19. Nd2 Ne6 20. Bc4 Nd4 21. Bg5 Qd7
22. axb6 axb6 23. Kh2 b5 24. Nd5 Qc6 25. Bxf6 Bxf6 26. c3 bxc4 27. cxd4 Rxd5
28. exd5 Qxd5 29. f3 exd4 30. Ne4 Rxe4 31. fxe4 Qxe4 32. Qd2 Bg5 33. Qf2 Be3
34. Qe2 Bg1+ 0-1

[Event "Europa ch 2014"]
[Site "Yerevan ARM"]
[Date "2014.03.06"]
[Round "4.50"]
[White "Grigoryan, Karen H"]
[Black "Hayrapetian, Arman"]
[Result "1-0"]
[WhiteElo "2572"]
[BlackElo "2367"]
[PlyCount "69"]
[EventDate "2014.03.03"]
[EventType "swiss"]
[EventRounds "11"]
[EventCountry "ARM"]
[Source "lmi"]
[SourceDate "2014.03.02"]

1. g3 g6 2. Bg2 Bg7 3. d4 d6 4. e4 Nd7 5. Ne2 Ngf6 6. O-O O-O 7. Nbc3 e5 8. a4
Re8 9. Re1 c6 10. h3 a5 11. Be3 Qc7 12. f4 exf4 13. Nxf4 Nb6 14. Bf2 Be6 15. g4
h6 16. Qf3 Bc4 17. b3 Ba6 18. h4 c5 19. dxc5 dxc5 20. e5 Rxe5 21. Rxe5 Qxe5 22.
Re1 Qd6 23. g5 hxg5 24. hxg5 Nh7 25. Ne4 Qc7 26. Nxc5 Rf8 27. Qg4 Nc8 28. Nd5
Qd6 29. c4 Qd8 30. Ne4 Nd6 31. Bb6 Qb8 32. Nef6+ Bxf6 33. gxf6 Re8 34. Ne7+ Kh8
35. Bd4 1-0

[Event "Europa ch 2014"]
[Site "Yerevan ARM"]
[Date "2014.03.06"]
[Round "4.51"]
[White "Charochkina, Daria"]
[Black "Parligras, Mircea-Emilian"]
[Result "1-0"]
[WhiteElo "2374"]
[BlackElo "2572"]
[PlyCount "105"]
[EventDate "2014.03.03"]
[EventType "swiss"]
[EventRounds "11"]
[EventCountry "ARM"]
[Source "lmi"]
[SourceDate "2014.03.02"]

1. d4 Nf6 2. c4 e6 3. Nc3 Bb4 4. Qc2 O-O 5. a3 Bxc3+ 6. Qxc3 d6 7. g3 e5 8.
dxe5 dxe5 9. Nf3 Nc6 10. Bg2 Re8 11. Bg5 h6 12. Rd1 Qe7 13. Be3 Ng4 14. b4 Nxe3
15. Qxe3 e4 16. Nd2 Bf5 17. O-O Rad8 18. Nb3 b6 19. Rd5 Bg6 20. Rfd1 Rxd5 21.
cxd5 Rd8 22. Qc3 Ne5 23. f3 exf3 24. exf3 Qd6 25. f4 Ng4 26. Nd4 Qd7 27. Nc6
Re8 28. Ne5 Nxe5 29. fxe5 Bf5 30. d6 cxd6 31. Bc6 Qc8 32. exd6 Bd7 33. b5 Rd8
34. Qf3 Be6 35. Qf4 Qb8 36. Qe5 Kf8 37. Rd4 Kg8 38. g4 Qc8 39. d7 Rxd7 40. Bxd7
Bxd7 41. Qe2 Qc5 42. Qc4 Qe7 43. a4 Be6 44. Qd3 Qc5 45. Kg2 f6 46. Qe4 Kf7 47.
h4 h5 48. gxh5 Qxh5 49. Rd6 Bf5 50. Qf3 Qg6+ 51. Kh2 Kg8 52. Rd8+ Kh7 53. Qa8
1-0

[Event "Europa ch 2014"]
[Site "Yerevan ARM"]
[Date "2014.03.06"]
[Round "4.52"]
[White "Ter-Sahakyan, Samvel"]
[Black "Kursova, Maria"]
[Result "1-0"]
[WhiteElo "2572"]
[BlackElo "2326"]
[PlyCount "65"]
[EventDate "2014.03.03"]
[EventType "swiss"]
[EventRounds "11"]
[EventCountry "ARM"]
[Source "lmi"]
[SourceDate "2014.03.02"]

1. e4 c5 2. Nf3 e6 3. d4 cxd4 4. Nxd4 Nc6 5. Nc3 Qc7 6. Be3 a6 7. Qd2 Nf6 8.
O-O-O Be7 9. f3 O-O 10. g4 b5 11. g5 Nh5 12. Kb1 Nxd4 13. Qxd4 Rd8 14. Ne2 Bb7
15. Ng3 Nxg3 16. hxg3 Qxg3 17. Rh3 Qc7 18. Qd2 d5 19. e5 d4 20. Bf4 Bf8 21. Qh2
h6 22. Bd3 g6 23. gxh6 Kh7 24. Rg1 Bc6 25. Rhg3 Be8 26. Qh4 Be7 27. Bg5 Bxg5
28. Qxg5 Rd5 29. Qf6 Qxe5 30. Rxg6 fxg6 31. Bxg6+ Bxg6 32. Qxg6+ Kh8 33. f4 1-0

[Event "Europa ch 2014"]
[Site "Yerevan ARM"]
[Date "2014.03.06"]
[Round "4.53"]
[White "Sibashvili, Giorgi"]
[Black "Vaganian, Rafael A"]
[Result "0-1"]
[WhiteElo "2239"]
[BlackElo "2570"]
[PlyCount "82"]
[EventDate "2014.03.03"]
[EventType "swiss"]
[EventRounds "11"]
[EventCountry "ARM"]
[Source "lmi"]
[SourceDate "2014.03.02"]

1. d4 Nf6 2. c4 e6 3. Nc3 Bb4 4. e3 Bxc3+ 5. bxc3 c5 6. Bd3 d6 7. f4 e5 8. fxe5
dxe5 9. Qa4+ Bd7 10. Qb3 O-O 11. Ba3 b6 12. dxc5 Re8 13. Rd1 bxc5 14. Bxc5 Ne4
15. Bxe4 Qh4+ 16. Ke2 Qxe4 17. Nf3 Be6 18. Kf2 Nd7 19. Bd6 Bxc4 20. Qa4 Nb6 21.
Qa5 f6 22. Rhe1 Bf7 23. Kg1 Nc4 24. Qa6 Re6 25. Nd2 Rxd6 26. Qxd6 Nxd6 27. Nxe4
Nxe4 28. a3 a5 29. Rd7 Nxc3 30. Kf2 a4 31. Rc1 Nb5 32. Rb7 Nxa3 33. Rcc7 Rf8
34. Rb4 Nc4 35. Rxa4 Nd6 36. Ra6 Ne4+ 37. Kg1 h5 38. h4 Ng3 39. Kf2 Nf5 40. g3
Rb8 41. Rac6 Rb4 0-1

[Event "Europa ch 2014"]
[Site "Yerevan ARM"]
[Date "2014.03.06"]
[Round "4.54"]
[White "Korobov, Anton"]
[Black "Schreiner, Peter"]
[Result "1-0"]
[WhiteElo "2719"]
[BlackElo "2455"]
[PlyCount "81"]
[EventDate "2014.03.03"]
[EventType "swiss"]
[EventRounds "11"]
[EventCountry "ARM"]
[Source "lmi"]
[SourceDate "2014.03.02"]

1. d4 Nf6 2. c4 g6 3. Nc3 d5 4. cxd5 Nxd5 5. e4 Nxc3 6. bxc3 Bg7 7. Bc4 c5 8.
Ne2 Nc6 9. Be3 O-O 10. O-O b6 11. Rc1 Bb7 12. d5 Ne5 13. Bb3 c4 14. Bc2 e6 15.
dxe6 Nd3 16. exf7+ Rxf7 17. f3 Nxc1 18. Qxc1 Qe8 19. a4 Rd8 20. Nd4 Rfd7 21.
Qb2 Qe5 22. Kh1 Qe7 23. h3 Be5 24. Qc1 Bxd4 25. cxd4 Rxd4 26. Bxd4 Rxd4 27. Qe3
Qc5 28. Re1 c3 29. Bb3+ Kg7 30. Qf4 Rd7 31. e5 Qf8 32. Qc4 Qc5 33. Qg8+ Kh6 34.
e6 Rg7 35. Qd8 Qf2 36. Re5 Qg3 37. Re3 Rc7 38. Qf8+ Kh5 39. Bc2 Rc5 40. Qg7 Qf2
41. Qxh7+ 1-0